Tale of Narayana the impostor (Record no. 216647)

MARC details
000 -LEADER
fixed length control field 00662nam a22002177a 4500
005 - DATE AND TIME OF LATEST TRANSACTION
control field 20260131095348.0
008 - FIXED-LENGTH DATA ELEMENTS--GENERAL INFORMATION
fixed length control field 211022b ||||| |||| 00| 0 eng d
040 ## - CATALOGING SOURCE
Transcribing agency AL
041 ## - LANGUAGE CODE
Language code of text/sound track or separate title kan
082 ## - DEWEY DECIMAL CLASSIFICATION NUMBER
Edition number 23
Classification number 820.3
Item number HEGT
100 ## - MAIN ENTRY--PERSONAL NAME
Personal name Polali Sheenappa Hegde
9 (RLIN) 1545
245 ## - TITLE STATEMENT
Title Tale of Narayana the impostor
260 ## - PUBLICATION, DISTRIBUTION, ETC.
Place of publication, distribution, etc. Mangaluru
Name of publisher, distributor, etc. Karnataka Tulu Sahitya Academy
Date of publication, distribution, etc. 2019
300 ## - PHYSICAL DESCRIPTION
Extent 170p.
Other physical details PB
Dimensions 21x14 cm
365 ## - TRADE PRICE
Price type code 0104
Price amount 212.50
Currency code
Unit of pricing 250.00
Price note 15%
Price effective from 11-102021
650 ## - SUBJECT ADDED ENTRY--TOPICAL TERM
Topical term or geographic name entry element Indian English Fiction
9 (RLIN) 1546
650 ## - SUBJECT ADDED ENTRY--TOPICAL TERM
Topical term or geographic name entry element Indian English Literature
9 (RLIN) 1547
650 ## - SUBJECT ADDED ENTRY--TOPICAL TERM
Topical term or geographic name entry element Tulu Story Tr in English
9 (RLIN) 1566
710 ## - ADDED ENTRY--CORPORATE NAME
Corporate name or jurisdiction name as entry element Rao, B Surendra
9 (RLIN) 1564
942 ## - ADDED ENTRY ELEMENTS (KOHA)
Source of classification or shelving scheme Dewey Decimal Classification
Koha item type Book
Holdings
Withdrawn status Lost status Source of classification or shelving scheme Damaged status Not for loan Collection code Home library Current library Date acquired Source of acquisition Cost, normal purchase price Total Checkouts Full call number Barcode Date due Date last seen Date last checked out Cost, replacement price Price effective from Koha item type
    Dewey Decimal Classification     English St Aloysius Library St Aloysius Library 10/21/2021 Dr K Chinnappa Gowda, Asaigoli, Mangaluru-574199 212.50 1 820.3 HEGT 075043 09/16/2025 05/19/2025 05/19/2025 250.00 10/22/2021 Book